| 000 | 00702nam a2200253Ia 4500 | ||
|---|---|---|---|
| 003 | OSt | ||
| 005 | 20220926014402.0 | ||
| 006 | a|||||r|||| 00| 0 | ||
| 007 | ta | ||
| 008 | 220923b |||||||| |||| 00| 0 eng d | ||
| 037 | _cGeneral Book | ||
| 040 |
_aRTL _cRTL _beng |
||
| 041 |
_2eng _aeng |
||
| 082 | _aU43.730k1(X).N7, M1 | ||
| 100 |
_aPalen J John _9136900 |
||
| 245 | 0 | _aUrban world | |
| 250 | _a2nd | ||
| 260 |
_aNew York _bMcGraw Hill U. S. A. _c1981 |
||
| 300 |
_axviii, 477p _ccm. |
||
| 500 | _aBibliography p.443-68 | ||
| 650 |
_aUrban Geography-United States _9236009 |
||
| 942 |
_hU43.730k1(X).N7, M1 _cGB _2CC |
||
| 999 |
_c628908 _d628908 |
||